00797cam a2200229 a 450000100100000000500170001000800410002702000150006804000230008308200180010610000400012424500490016426000400021330000280025349000240028165000290030565000310033483000320036591000340039795201210043199900150055200000612920200929151937.0890810s1989 sp a 001 0 spa  a8486662249 aDO-SdBNPcDLCdDLC a861.44bD988d1 aDuzmán Callejón, Carmen.91725110aDe sombras y de sueños /cCarmen Duzmán. aMadrid, España :bBetania,c1989. a105 p. :bil. ;c21 cm.1 aBetania de poesía 4aPoesìa española9631 4aLiteratura española9632 0aBetania de poesía.917252 aCatalogación por copia / LC 001052708MOaGRbGRcCTd2009-08-26iLF1l0o861.44 D988dp6129-10r2020-06-25w2020-06-25y2ZPréstamo interno c5925d5925